LEADER 03539nam 2200385 450 001 9910719791203321 005 20230629020845.0 010 $a1-5292-2607-4 035 $a(CKB)26621552500041 035 $a(NjHacI)9926621552500041 035 $a(EXLCZ)9926621552500041 100 $a20230629h20232022 uy 0 101 0 $aeng 135 $aur||||||||||| 181 $ctxt$2rdacontent 182 $cc$2rdamedia 183 $acr$2rdacarrier 200 00$aChildren's work in African agriculture $ethe harmful and the harmless /$fedited by James Sumberg and Rachel Sabates-Wheeler ; with a foreword by Michael Bourdillon 210 1$aBristol :$cBristol University Press,$d2023. 210 4$dİ2022 215 $a1 online resource (328 pages) 327 $aForeword - Michael Bourdillon -- 1. Children's Work in African Agriculture: Introduction - Rachel Sabates-Wheeler and James Sumberg -- 2. Theorising 'Harm' in Relation to Children's Work - Roy Maconachie, Neil Howard and Rosilin Bock -- 3. Understanding Children's Harmful Work: The Methodological Landscape - Keetie Roelen, Inka Barnett, Vicky Johnson, Tessa Lewin, Dorte Thorsen and Giel Ton -- 4. Education and Work: Children's Lives in Rural Sub-Saharan Africa - Ma?ire?ad Dunne, Sara Humphreys and Carolina Szyp -- 5. Disabled Children and Work - Mary Wickenden -- 6. Value Chain Governance and Children's Work in Agriculture - Giel Ton, Jodie Thorpe, Irene S. Egyir and Carolina Szyp -- 7. Blurred Definitions and Imprecise Indicators: Rethinking Social Assistance for Children's Work - Rachel Sabates-Wheeler, Keetie Roelen, Becky Mitchell and Amy Warmington -- 8. Children's Work in Ghana: Policies and Politics - Samuel Okyere, Emmanuel Frimpong Boamah, Felix Asante and Thomas Yeboah -- 9. Children's Work in Shallot Production on the Keta Peninsula, South-Eastern Ghana - Thomas Yeboah and Irene Egyir -- 10. Children's Work in West African Cocoa Production: Drivers, Contestations and Critical Reflections - Dorte Thorsen and Roy Maconachie -- 11. Children's Harmful Work in Ghana's Lake Volta Fisheries: Beyond Discourses of Child Trafficking - Imogen Bellwood-Howard and Abdulai Abubakari -- 12. Children's Work in African Agriculture: Ways Forward - James Sumberg and Rachel Sabates-Wheeler. 330 $aEPDF and EPUB available Open Access under CC-BY-NC-ND licence. Millions of children throughout Africa undertake many forms of farm and domestic work. Some of this work is for wages, some is on their family's own small plots and some is forced and/or harmful. This book examines children's involvement in such work. It argues that framing all children's engagement in economic activity as 'child labour', with all the associated negative connotations, is problematic. This is particularly the case in Africa where many rural children must work to survive and where, the contributors argue, much of the work undertaken is not harmful. The conceptual and case-based chapters reframe the debate about children's work and harm in rural Africa with the aim of shifting research, public discourse and policy so that they better serve the interest of rural children and their families. 606 $aAgriculture$zAfrica 615 0$aAgriculture 676 $a338.1096 702 $aSumberg$b James 702 $aSabates-Wheeler$b Rachel 702 $aBourdillon$b Michael 801 0$bNjHacI 801 1$bNjHacl 906 $aBOOK 912 $a9910719791203321 996 $aChildren?s Work in African Agriculture$93361353 997 $aUNINA LEADER 04885nam 22008055 450 001 9910793664103321 005 20230817180709.0 010 $a0-8232-8462-X 024 7 $a10.1515/9780823284627 035 $a(CKB)4100000008527055 035 $a(MiAaPQ)EBC5802728 035 $a(DE-B1597)555482 035 $a(DE-B1597)9780823284627 035 $a(OCoLC)1104140215 035 $a(EXLCZ)994100000008527055 100 $a20200723h20192019 fg 0 101 0 $aeng 135 $aurcnu|||||||| 181 $ctxt$2rdacontent 182 $cc$2rdamedia 183 $acr$2rdacarrier 200 00$aKarl Barth and Comparative Theology /$fMartha L. Moore-Keish, Christian T. Collins Winn 210 1$aNew York, NY :$cFordham University Press,$d[2019] 210 4$dİ2019 215 $a1 online resource (289 pages) 225 0 $aComparative Theology: Thinking Across Traditions ;$v7 320 $aIncludes bibliographical references and index. 327 $tFront matter --$tCONTENTS --$tForeword: Some Reflections on Barth and Comparative Theology --$tIntroduction --$t1 Comparative Theology, Comparative Wisdom, and Covenantal Logic --$t2 Faith as Immunity to History? Rethinking Barth and Fackenheim --$tResponse to Part I --$t3 Barth?s Theology of Religion and D?gen?s Nondualism --$t4 Barth and Universal Salvation: A Mahayana Buddhist Perspective --$tResponse to Part II --$t5 Analogies across Faiths: Barth and Ghazali on Speaking after Revelation --$t6 Karl Barth and Parousia in Comparative Messianism --$tResponse to Part III --$t7 God as Subject and Never Object to Us: Reading Kena Upani?ad with Karl Barth and ?a?kara --$t8 ?Do Not Grieve?: Reconciliation in Barth and Vedanta Desika --$tResponse to Part IV --$t9 Speaking about the Unspeakable: Conversing with Barth and Ejizu on Mediated Divine Action --$t10 Humanity and Destiny: A Theological Comparison of Karl Barth and African Traditional Religions --$tResponse to Part V --$tConclusion. Barth?s Dreams: Religions as Scandal and Parable --$tAcknowledgments --$tList of Contributors 330 $aBuilding on recent engagements with Barth in the area of theologies of religion, Karl Barth and Comparative Theology inaugurates a new conversation between Barth?s theology and comparative theology. Each essay brings Barth into conversation with theological claims from other religious traditions for the purpose of modeling deep learning across religious borders from a Barthian perspective. For each tradition, two Barth-influenced theologians offer focused engagements of Barth with the tradition?s respective themes and figures, and a response from a theologian from that tradition then follows. With these surprising and stirringly creative exchanges, Karl Barth and Comparative Theology promises to open up new trajectories for comparative theology.Contributors: Chris Boesel, Francis X. Clooney, Christian T. Collins Winn, Victor Ezigbo, James Farwell, Tim Hartman, S. Mark Heim, Paul Knitter, Pan-chiu Lai, Martha L. Moore-Keish, Peter Ochs, Marc Pugliese, Joshua Ralston, Anantanand Rambachan, Randi Rashkover, Kurt Richardson, Mun?im Sirry, John Sheveland, Nimi Wariboko 410 0$aComparative theology--thinking across traditions. 606 $aReligions 606 $aChristianity and other religions 610 $aChristian-Jewish dialogue. 610 $aComparative theology. 610 $aFrancis Clooney. 610 $aInterreligious. 610 $aKarl Barth. 610 $aMuslim-Christian dialogue. 610 $aReligion. 610 $aTheology of religion. 615 0$aReligions. 615 0$aChristianity and other religions. 676 $a230/.044092 701 $aBoesel$b Chris$01469976 701 $aClooney$b Francis X$01469977 701 $aCollins Winn$b Christian T$01469978 701 $aEzigbo$b Victor Ifeanyi$01469979 701 $aFarwell$b James W$01469980 701 $aHartman$b Tim$01469981 701 $aHeim$b S. Mark$01469982 701 $aKnitter$b Paul$0550154 701 $aLau$b Pan-chiu$01469983 701 $aMoore-Keish$b Martha L$01469984 701 $aOchs$b Peter$0552036 701 $aPugliese$b Marc A$01469985 701 $aRalston$b Joshua$01469986 701 $aRambachan$b Anantanand$01469987 701 $aRashkover$b Randi$01469988 701 $aRichardson$b Kurt Anders$01469989 701 $aSheveland$b John N$01469990 701 $aSirry$b Mun'im$01469991 701 $aWariboko$b Nimi$01092960 702 $aCollins Winn$b Christian T.$4edt$4http://id.loc.gov/vocabulary/relators/edt 702 $aMoore-Keish$b Martha L.$4edt$4http://id.loc.gov/vocabulary/relators/edt 801 0$bDE-B1597 801 1$bDE-B1597 906 $aBOOK 912 $a9910793664103321 996 $aKarl Barth and Comparative Theology$93681621 997 $aUNINA